Normal view MARC view

Entry Personal Name

Number of records used in: 1

001 - CONTROL NUMBER

  • control field: 9717

003 - CONTROL NUMBER IDENTIFIER

  • control field: DLC

005 - DATE AND TIME OF LATEST TRANSACTION

  • control field: 20231009135208.0

008 - FIXED-LENGTH DATA ELEMENTS

  • fixed length control field: 040624n| azannaabn |b aaa c

010 ## - LIBRARY OF CONGRESS CONTROL NUMBER

  • LC control number: no2004060541

024 7# - OTHER STANDARD IDENTIFIER

  • Standard number or code: 115767659
  • Source of number or code: viaf

035 ## - SYSTEM CONTROL NUMBER

  • System control number: (OCoLC)oca06378030

040 ## - CATALOGING SOURCE

  • Original cataloging agency: InU
  • Language of cataloging: eng
  • Description conventions: rda
  • Transcribing agency: InU
  • Modifying agency: OCoLC
  • Modifying agency: TxCM
  • Modifying agency: IlMpPL
  • Modifying agency: NNC

046 ## - SPECIAL CODED DATES

  • Birth date: 1964
  • Source of date scheme: edtf

053 #4 - LC CLASSIFICATION NUMBER

  • Classification number element--single number or beginning number of span: PL874.N33
  • Institution to which field applies: TxCM

100 1# - HEADING--PERSONAL NAME

  • Personal name: Onda, Riku,
  • Dates associated with a name: 1964-

370 ## - ASSOCIATED PLACE

  • Place of birth: Miyagi-ken (Japan)
  • Source of term: naf
  • Source of information: Hai no gekijō, 2021

374 ## - OCCUPATION

  • Occupation: Novelists
  • Source of term: lcsh

400 1# - SEE FROM TRACING--PERSONAL NAME

  • Personal name: 恩田陸,
  • Dates associated with a name: 1964-

670 ## - SOURCE DATA FOUND

  • Source citation: Mugi no umi ni shizumu kajitsu, 2004:
  • Information found: t.p. (Onda Riku) colophon (r; b. 1964; grad., Waseda Daigaku Kyōiku Gakubu; novelist)

670 ## - SOURCE DATA FOUND

  • Source citation: JTNDL in VIAF, Aug. 3, 2021
  • Information found: (access point: 恩田, 陸, 1964- = Onda, Riku, 1964- ; r)

Powered by Koha